[Event "FRA-ch U18"]
[Site "Montlucon"]
[Date "1997.??.??"]
[Round "8"]
[White "Rouchouse, Stevens"]
[Black "Cour, Timothee"]
[Result "0-1"]
[WhiteElo "2190"]
[BlackElo "2065"]
[PlyCount "74"]
[EventDate "1997.??.??"]
[EventType "swiss"]
[EventRounds "8"]
[EventCountry "FRA"]
[SourceTitle "EXT 2001"]
[Source "ChessBase"]
[SourceDate "2000.11.22"]
[SourceVersion "1"]
[SourceVersionDate "2000.11.22"]
[SourceQuality "1"]

1. e4 c5 2. Nf3 d6 3. d4 cxd4 4. Nxd4 Nf6 5. Nc3 a6 6. g3 e6 7. Bg2 Be7 8. 0-0 0-0 9. Be3 Qc7 10. Kh1 Nc6 11. f4 Bd7 12. a4 Rab8 13. Nb3 b5 14. axb5 axb5 15. Qe2 b4 16. Nb5 Qb7 17. N5d4 Nxd4 18. Nxd4 e5 19. fxe5 dxe5 20. Ra7 Qxa7 21. Nc6 Qa2 22. Nxe7+ Kh8 23. Rxf6 gxf6 24. Qf2 Qe6 25. Nd5 Ra8 26. Qf3 Ra1+ 27. Bg1 f5 28. exf5 Qxf5 29. Qe2 Bc6 30. Be4 Bxd5 31. Bxd5 e4 32. Qd2 Qf3+ 33. Qg2 Qxg2+ 34. Kxg2 Rd8 35. Bxe4 Rd2+ 36. Bf2 Kg8 37. Bd3 b3 0-1

[Event "FRA-chT U18"]
[Site "France"]
[Date "1996.??.??"]
[Round "?"]
[White "Cour, Timothee"]
[Black "Marzolo, Cyril"]
[Result "0-1"]
[WhiteElo "2095"]
[BlackElo "2205"]
[PlyCount "54"]
[EventDate "1996.??.??"]
[EventType "team"]
[EventRounds "11"]
[EventCountry "FRA"]
[SourceTitle "EXT 2004"]
[Source "ChessBase"]
[SourceDate "2003.11.25"]
[SourceVersion "1"]
[SourceVersionDate "2003.11.25"]
[SourceQuality "1"]

1. e4 c5 2. Nf3 Nc6 3. d4 cxd4 4. Nxd4 g6 5. c4 Nf6 6. Nc3 d6 7. f3 Nxd4 8. Qxd4 Bg7 9. Be3 0-0 10. Qd2 Be6 11. Be2 Rc8 12. Nd5 b6 13. Bg5 Qd7 14. 0-0 Qb7 15. Bxf6 exf6 16. Ne3 Rcd8 17. Qd3 Rfe8 18. Rad1 Bc8 19. b3 f5 20. exf5 Qe7 21. Kf2 Bh6 22. Ng4 Bg5 23. fxg6 hxg6 24. Qe4 Qc7 25. Qd4 Bxg4 26. Qxg4 Qc5+ 27. Ke1 Rxe2+ 0-1

[Event "FRA-chT U18"]
[Site "France"]
[Date "1996.??.??"]
[Round "?"]
[White "Roser, Kevin"]
[Black "Cour, Timothee"]
[Result "1-0"]
[WhiteElo "2185"]
[BlackElo "2095"]
[PlyCount "43"]
[EventDate "1996.??.??"]
[EventType "team"]
[EventRounds "11"]
[EventCountry "FRA"]
[SourceTitle "EXT 2004"]
[Source "ChessBase"]
[SourceDate "2003.11.25"]
[SourceVersion "1"]
[SourceVersionDate "2003.11.25"]
[SourceQuality "1"]

1. e4 c5 2. Nf3 d6 3. d4 cxd4 4. Nxd4 Nf6 5. Nc3 a6 6. Be2 e6 7. 0-0 Be7 8. f4 0-0 9. Be3 Qc7 10. g4 b5 11. g5 Nfd7 12. a3 Re8 13. Bh5 g6 14. Bg4 Nb6 15. f5 e5 16. Nde2 Bf8 17. Kh1 N8d7 18. fxg6 hxg6 19. Bxd7 Bxd7 20. Bxb6 Qxb6 21. Nd5 Qe3 22. Nxe3 1-0

[Event "Syre Memorial op 18th"]
[Site "Issy les Moulineaux"]
[Date "1995.05.??"]
[Round "?"]
[White "Demarche, Laurent"]
[Black "Cour, Timothee"]
[Result "1/2-1/2"]
[WhiteElo "2065"]
[BlackElo "1620"]
[PlyCount "126"]
[EventDate "1995.05.??"]
[EventType "swiss"]
[EventRounds "6"]
[EventCountry "FRA"]
[SourceTitle "EXT 2007"]
[Source "ChessBase"]
[SourceDate "2006.11.23"]
[SourceVersion "1"]
[SourceVersionDate "2006.11.23"]
[SourceQuality "1"]

1. e4 c5 2. f4 d5 3. e5 Nc6 4. d3 Nh6 5. Be2 g6 6. Be3 Bg7 7. Nd2 b6 8. g4 f6 9. exf6 Bxf6 10. c3 Bh4+ 11. Bf2 Bxf2+ 12. Kxf2 0-0 13. Kg3 Qd6 14. Nh3 e5 15. Bf3 exf4+ 16. Kg2 Ne5 17. Nf2 Bb7 18. Nc4 dxc4 19. Bxb7 Rab8 20. Be4 cxd3 21. Bxd3 f3+ 22. Kh3 Nxd3 23. Qxd3 Qxd3 24. Nxd3 Rbd8 25. Rad1 Rfe8 26. Kg3 Re3 27. Nf2 Rde8 28. Rd2 Re2 29. Rhd1 Rxd2 30. Rxd2 Re2 31. Rd8+ Kg7 32. Kxf3 Rxb2 33. Rd7+ Nf7 34. Rxa7 Rc2 35. Ne4 Rc1 36. Nd6 Rf1+ 37. Ke4 Re1+ 38. Kd5 Rd1+ 39. Kc6 Rxd6+ 40. Kb5 Kf6 41. Rb7 Ke6 42. Rxb6 Rxb6+ 43. Kxb6 Kd5 44. a4 Nd6 45. g5 Kc4 46. Kc6 Ne4 47. h4 Nxc3 48. a5 Nb5 49. Kd7 Kb4 50. Ke7 c4 51. Kf7 c3 52. Kg7 c2 53. Kxh7 c1Q 54. Kxg6 Qc6+ 55. Kg7 Qd7+ 56. Kg6 Qe6+ 57. Kg7 Qe7+ 58. Kg6 Qe8+ 59. Kg7 Qh5 60. g6 Qxh4 61. Kf8 Qf6+ 62. Kg8 Qxg6+ 63. Kh8 Kxa5 1/2-1/2

[Event "Massy op"]
[Site "Massy "]
[Date "1995.??.??"]
[Round "5"]
[White "Cour, Timothee"]
[Black "Lallemand, Roza"]
[Result "0-1"]
[WhiteElo "1620"]
[BlackElo "2280"]
[PlyCount "62"]
[EventDate "1995.??.??"]
[EventType "swiss"]
[EventRounds "9"]
[EventCountry "FRA"]
[SourceTitle "EXT 2004"]
[Source "ChessBase"]
[SourceDate "2003.11.25"]
[SourceVersion "1"]
[SourceVersionDate "2003.11.25"]
[SourceQuality "1"]

1. e4 c5 2. Nf3 d6 3. d4 cxd4 4. Nxd4 Nf6 5. Nc3 Nc6 6. Bc4 e6 7. Be3 Be7 8. Qe2 Na5 9. Bb3 a6 10. 0-0-0 Qc7 11. g4 b5 12. g5 Nxb3+ 13. axb3 Nd7 14. f4 b4 15. Na4 Nc5 16. f5 e5 17. Nxc5 exd4 18. Bxd4 Bxg5+ 19. Kb1 dxc5 20. Bxg7 Rg8 21. f6 Bd7 22. Qh5 Bf4 23. Qxh7 0-0-0 24. h4 Be6 25. h5 c4 26. h6 cxb3 27. cxb3 Rxd1+ 28. Rxd1 Rd8 29. Rh1 Rd2 30. e5 Rxb2+ 31. Kxb2 Qc3+ 0-1